000 00437nam a22001697a 4500
005 20230817152034.0
008 230817b |||||||| |||| 00| 0 eng d
020 _a 1861002947
082 _a005.276
_bMUM-B
100 _a Mumford, Andrew
245 _aBeginning Web development with Visual InterDev 6
260 _aCanada
_bWrox
_c1999
300 _a617 pages
500 _aInclude Index.
650 _aWeb Programming
999 _c33262
_d33262